000 00571nam a2200205Ia 4500
005 20250326144105.0
008 250326s9999 xx 000 0 und d
020 _a81-7036-571-6
037 _aTextbook
040 _aFMSL
_beng
_cFMSL
041 _aeng
_2eng
084 _aX:89Q8 N96
_qFMSL
100 _aKanji G K
_9749005
245 0 _a100 methods for total quality management
_cKanji G K; Asher M
260 _aNew Delhi
_bNew Delhi, Response
_c1996
300 _avi,236
365 _b395
942 _cTB
_hX:89Q8 N96
999 _c1302316
_d1302316